Criminology : (Record no. 52130)
[ view plain ]
| 000 -LEADER | |
|---|---|
| fixed length control field | 03388cac a2200373 i 4500 |
| 003 - CONTROL NUMBER IDENTIFIER | |
| control field | EG-GICUC |
| 005 - DATE AND TIME OF LATEST TRANSACTION | |
| control field | 20260121101531.0 |
| 008 - FIXED-LENGTH DATA ELEMENTS--GENERAL INFORMATION | |
| fixed length control field | 020701s2002 enk fr 001 0 eng d |
| 020 ## - INTERNATIONAL STANDARD BOOK NUMBER | |
| International Standard Book Number | 0761947108 |
| 020 ## - INTERNATIONAL STANDARD BOOK NUMBER | |
| International Standard Book Number | 0761947116 |
| Qualifying information | pbk. |
| 020 ## - INTERNATIONAL STANDARD BOOK NUMBER | |
| International Standard Book Number | 9780761947103 |
| 020 ## - INTERNATIONAL STANDARD BOOK NUMBER | |
| International Standard Book Number | 9780761947110 |
| Qualifying information | (pbk.) |
| 040 ## - CATALOGING SOURCE | |
| Original cataloging agency | UKM |
| Transcribing agency | UKM |
| Modifying agency | NGU |
| -- | MSB |
| -- | DLC |
| -- | EG-GICUC |
| Language of cataloging | eng |
| Description conventions | rda |
| 050 00 - LIBRARY OF CONGRESS CALL NUMBER | |
| Classification number | HV6025 |
| Item number | .C7455 2002 |
| 082 04 - DEWEY DECIMAL CLASSIFICATION NUMBER | |
| Classification number | 343.6 |
| Edition number | 21 |
| 092 04 - LOCALLY ASSIGNED DEWEY CALL NUMBER (OCLC) | |
| Edition number | 21 |
| 099 ## - LOCAL FREE-TEXT CALL NUMBER (OCLC) | |
| Classification number | Law 10 2002 |
| 245 00 - TITLE STATEMENT | |
| Title | Criminology : |
| Remainder of title | a reader / |
| Statement of responsibility, etc. | edited by Yvonne Jewkes and Gayle Letherby. |
| 264 ## - PRODUCTION, PUBLICATION, DISTRIBUTION, MANUFACTURE, AND COPYRIGHT NOTICE | |
| Place of production, publication, distribution, manufacture | London ; |
| -- | Thousand Oaks, Calif. : |
| Name of producer, publisher, distributor, manufacturer | SAGE, |
| Date of production, publication, distribution, manufacture, or copyright notice | 2002. |
| 300 ## - PHYSICAL DESCRIPTION | |
| Extent | ix, 408 page ; |
| Dimensions | 25 cm. |
| 336 ## - CONTENT TYPE | |
| Content type term | text |
| Content type code | txt |
| Source | rdacontent |
| 337 ## - MEDIA TYPE | |
| Media type term | unmediated |
| Media type code | n |
| Source | rdamedia |
| 338 ## - CARRIER TYPE | |
| Carrier type term | volume |
| Carrier type code | nc |
| Source | rdacarrier |
| 504 ## - BIBLIOGRAPHY, ETC. NOTE | |
| Bibliography, etc. note | Includes bibliographical references and index. |
| 505 0# - FORMATTED CONTENTS NOTE | |
| Formatted contents note | Victorian boys, we are here! / Geoffrey Pearson -- Perspectives in criminological theory / Sandra Walklate -- Definitions of deviance / Howard S. Becker -- Ten points of realism / Jock Young -- Psychology and criminal behaviour / Peter B. Ainsworth -- The development of feminist perspectives on crime / Nicole Hahn Rafter and Frances Heidensohn -- Crime, power, and ideological mystification / Steven Box -- The social construction of official statistics / Clive Coleman and Jenny Moynihan -- Corporate crime, official statistics and the mass media / Gary Slapper and Steve Tombs -- Crime and the media : a criminological perspective / David Kidd-Hewitt -- Folk devils and moral panics : th creation of the mods and rockers / Stanley Cohen -- The ultimate neighbour from hell? Stranger danger and the media framing of paedophiles / Jenny Kitzinger -- Crime in context : a critical criminology of market societies / Ian Taylor -- Bias in the criminal justice system / Michael Cavadino and James Dignan -- Crime, culture and community / Janet Foster -- White collar and corporate crime / Hazel Croall -- The race and crime debate / John Lea and Jock Young -- From scarman to Stephen Lawrence / Stuart Hall -- Youth and crime / John Muncie -- The myth of girl gangs / Susan Batchelor -- Ordinary experiences / Elizabeth A. Stanko -- When men are victims : the failure of victimology / Tim Newburn and Elizabeth A. Stanko -- Cop culture / Robert Reiner -- Policing and the police : key issues in criminal justice / Clive Coleman and Clive Norris -- The trial / Frank Belloni and Jacqueline Hodgson -- The injudiciary / Andrew Billen -- Justifications and purposes of imprisonment / Ian Dunbar and Anthony Langdon -- The closed emotional world of the security wing / Stanley Cohen and Laurie Taylor -- Crime, control and the future : some theories and speculations / Nigel South -- Social control / Barbara A. Hudson -- Smile, you're on TV / John Naughton -- They're watching you / Martin Bright -- Land of the free / Gary Younge -- New ways to break the law : cybercrime and the politics of hacking / Douglas Thomas. |
| 650 #0 - SUBJECT ADDED ENTRY--TOPICAL TERM | |
| Topical term or geographic name entry element | Criminology. |
| 700 1# - ADDED ENTRY--PERSONAL NAME | |
| Personal name | Jewkes, Yvonne, |
| Dates associated with a name | 1966- |
| Relator term | editor. |
| 700 1# - ADDED ENTRY--PERSONAL NAME | |
| Personal name | Letherby, Gayle, |
| Relator term | editor. |
| 856 41 - ELECTRONIC LOCATION AND ACCESS | |
| Uniform Resource Identifier | <a href="https://fll.law.cu.edu.eg/fulltext/bks/B10-00070.pdf">https://fll.law.cu.edu.eg/fulltext/bks/B10-00070.pdf</a> |
| 856 41 - ELECTRONIC LOCATION AND ACCESS | |
| Materials specified | Table of contents only |
| Uniform Resource Identifier | <a href="http://www.loc.gov/catdir/toc/fy038/2003275773.html">http://www.loc.gov/catdir/toc/fy038/2003275773.html</a> |
| 856 42 - ELECTRONIC LOCATION AND ACCESS | |
| Materials specified | Publisher description |
| Uniform Resource Identifier | <a href="http://www.loc.gov/catdir/enhancements/fy0657/2003275773-d.html">http://www.loc.gov/catdir/enhancements/fy0657/2003275773-d.html</a> |
| 905 ## - Cataloger and Reviser Names | |
| Cataloger Name: | Hend El khosy |
| 942 ## - ADDED ENTRY ELEMENTS (KOHA) | |
| Source of classification or shelving scheme | Dewey Decimal Classification |
| Koha item type | Books |
| Edition | 21 |
| Suppress in OPAC | No |
| Withdrawn status | Lost status | Source of classification or shelving scheme | Damaged status | Not for loan | Collection | Home library | Current library | Date acquired | Total checkouts | Full call number | Barcode | Date last seen | Copy number | Price effective from | Koha item type | Public note |
|---|---|---|---|---|---|---|---|---|---|---|---|---|---|---|---|---|
| Dewey Decimal Classification | القانون الجنائي | جــــامعة القــاهرة | مكتبة كلية الحقوق - فـرع الشيخ زايد | 22.12.2025 | Law2 10 343.6 CR 2002 1000070 C1 | ENGB10-00070 | 22.12.2025 | 1 | 22.12.2025 | Books | 1463 |